000 01024nas a2200313 4500
001 BR9102656
003 BR-BrBNA
005 20231205092033.0
007 ta
008 230509b bl.|||p| |||| 00| 00por d
040 _aBR-BrBNA
_bpor
_cBiblioteca Nacional de Agricultura
041 _a(Pt)
072 _aL51
100 1 _aLopes, D.C.
100 1 _aDonzele, J.L.
100 1 _aAlvarenga, J.C.
100 1 _aFontes, R. de A.
100 1 _aVieira, A.A.
245 1 _aEfeito do nivel de carunchamento do milho sobre a digestibilidade de sua proteina e energia para suinos em terminacao
246 1 _aLevel of wormy of corn about its protein and energy digestibility to finhishing pigs
650 _aSUÍNO
650 _aMILHO
650 _aPROTEINA
650 _aENERGIA
650 _aDIGESTIBILIDADE
773 0 _tRevista da Sociedade Brasileira de Zootecnia (Brazil)
_xISSN 0100-4859
_g(Mar-Apr 1991), v. 20(2) p. 131-135
_wBR9102656
909 _a202311
_bLúcia
_c55
_dLúcia Elande
942 _2AGRIS
_n0
_cANA
999 _c128840
_d128840